| 000 | 00651nam a2200217 a 4500 | ||
|---|---|---|---|
| 001 | 000008705 | ||
| 005 | 20260213105849.0 | ||
| 008 | 090918s1999 dr 000 0 spa d | ||
| 020 | _a9993400130 | ||
| 040 | _aDO-SdBNP | ||
| 082 |
_a153.852 _bP944c |
||
| 100 | 1 |
_aPérez, Faustino _d1945- _97195 |
|
| 245 | 1 | 4 |
_aLas caras de la persuasión / _cFaustino Pérez. |
| 260 |
_aSanto Domingo : _bMediabyte, _c1999. |
||
| 300 |
_a104 p. ; _c20 cm. |
||
| 500 | _aIncluye referencias bibliográficas (p. 103-104) | ||
| 650 | 4 |
_aPersuasión (psicología) _923181 |
|
| 650 | 4 |
_aInfluencia (psicología) _923182 |
|
| 650 | 0 |
_aPublisidad _913236 |
|
| 049 | _aBNPD | ||
| 999 |
_c8475 _d8475 |
||